History of Indian education (A) (Record no. 9308)

MARC details
000 -LEADER
fixed length control field 00539cam a2200205ua 4500
008 - FIXED-LENGTH DATA ELEMENTS--GENERAL INFORMATION
fixed length control field 180321n ii |||gr||||Z||||||asm
020 ## - INTERNATIONAL STANDARD BOOK NUMBER
International Standard Book Number 9788191098303
040 ## - CATALOGING SOURCE
Transcribing agency MAIN
082 ## - DEWEY DECIMAL CLASSIFICATION NUMBER
Classification number 370.54
100 ## - MAIN ENTRY--PERSONAL NAME
Personal name Chaliha, Beda Kumar,
Relator term
245 ## - TITLE STATEMENT
Title History of Indian education (A)
Statement of responsibility, etc. By Beda Kumar Chaliha
250 ## - EDITION STATEMENT
Edition statement 3rd rev. ed.
260 ## - PUBLICATION, DISTRIBUTION, ETC.
Place of publication, distribution, etc. Jorhat:
Name of publisher, distributor, etc. Bidya bhawan,
Date of publication, distribution, etc. 2014.
300 ## - PHYSICAL DESCRIPTION
Extent 312p.
700 ## - ADDED ENTRY--PERSONAL NAME
Personal name Saikia, Tarun,
Relator term
700 ## - ADDED ENTRY--PERSONAL NAME
Personal name Saikia, Runu Bora,
Relator term
942 ## - ADDED ENTRY ELEMENTS (KOHA)
Koha item type Books
653 ## - INDEX TERM--UNCONTROLLED
Uncontrolled term Education
Holdings
Withdrawn status Lost status Damaged status Not for loan Home library Current library Shelving location Date acquired Total Checkouts Full call number Barcode Date last seen Date last checked out Copy number Price effective from Koha item type
        Naharkatiya College Library Naharkatiya College Library General Stacks 19/09/2020 17 370.54CHA 25358 20/04/2026 04/04/2026 1 19/09/2020 Books

Naharkatiya College © 2020. All rights reserved.

Powered By